| 000 | 00944cam a22001934a 4500 | ||
|---|---|---|---|
| 005 | 20250605164337.0 | ||
| 008 | 250528s ||||||||||||||||||||||||d | ||
| 035 | _a23471 | ||
| 040 |
_aGR-AtMCL _bgre _dGR-AtMCL _eAACR2 |
||
| 245 | 1 | _aAn Interpretative Phenomenological Analysis Reflecting the Experience of Non-Heterosexual People Concerning Issues of Sexual Orientation. | |
| 260 | _c2017 | ||
| 300 | _a42 | ||
| 520 | _aIntroduction, Methodology, Study Design, Participants, Data Collection, Data Analysis, Reflexivity, Ethics, Analysis, Discussion, Appendix A: Invitation to Participate, Appendix B: Information Regarding the Study for the Interviewee to be Read Prior to the Interview, Appendix C: Consert Form, Appendix D: Interview Schedule, Appendix E: Table of Themes, References, Bibliography. | ||
| 700 | 1 |
_aLouka Penelope _99017 |
|
| 700 | 1 |
_aPateraki Konstantina _99037 |
|
| 942 | _cDS | ||
| 999 |
_c8481 _d8481 |
||